| 000 | 00755nam a22001337a 4500 | ||
|---|---|---|---|
| 040 | _cRUA | ||
| 082 | _aAGR NHA 2019 B1-570 Or. | ||
| 100 | _aNHA LYNA ញ្ញ៉ា លីណា | ||
| 245 | _aEFFICACY OF TRICHODERMA SPECIES TO CONTROL SOILBORN DISEASE ON CHILLI ការសិក្សាពីប្រសិទ្ធភាពនៃប្រភេទផ្សិតជីវសាស្រ្តទ្រីកូឌីម៉ា ក្នុងការគ្រប់គ្រងជម្ថឺផ្សិតក្នុងដីលើដំណាំម្ទេស | ||
| 260 |
_aPHNOM PENH _bRUA _c2019 |
||
| 300 |
_aXIII.37P _bX. _c29CM |
||
| 856 | _uhttps://drive.google.com/file/d/1oh85JMzu_oCpToIvrSMILRXMV5pnckqa/view?usp=sharing | ||
| 942 | _cAGR | ||
| 999 |
_c22737 _d22737 |
||